| 000 | 00352nam a22001577a 4500 | ||
|---|---|---|---|
| 020 | _a9781405811583 | ||
| 082 | _a346.06KEE | ||
| 100 | _aKEENAN,D. J | ||
| 245 | _aCOMPANY LAW | ||
| 250 | _a13TH ed. | ||
| 260 |
_aEngland _bPEARSON Longman _c2005 |
||
| 300 |
_axxxii,584p _bill;22cm |
||
| 500 | _aIncluding index | ||
| 700 | _aSmith, K | ||
| 942 | _cBK | ||
| 999 |
_c20423 _d20423 |
||